[Event "FIDE Women World Blitz 2021"]
[Site "Warsaw"]
[Date "2021.12.29"]
[Round "5.9"]
[White "Zabrzanska, Weronika"]
[Black "Nurgali, Nazerke"]
[Result "0-1"]
[WhiteElo "1596"]
[BlackElo "2267"]
[Annotator "TA"]
[PlyCount "102"]
[EventDate "2021.12.29"]
[EventType "swiss"]
[EventCountry "POL"]
[Tiebreak "Cut1 Buchholz"]
[SourceTitle "playchess.com"]
[Source "ChessBase"]
[SourceQuality "1"]

{[%evp 9,102,12,23,15,23,14,19,20,29,16,25,15,25,16,9,0,0,0,0,0,0,0,54,50,67,
35,26,0,0,-37,0,0,0,-47,0,-195,-60,-61,-71,-56,-30,-148,0,-2,0,-112,0,0,0,0,0,
0,0,-11,0,-33,-34,-72,-102,-155,-159,-233,-56,-282,-292,-715,-417,-398,-387,
-950,-541,-520,-509,-514,-522,-517,-502,-533,-534,-601,-600,-688,-666,-820,
-810,-1541,-1535,-1123,-423,-589,-582,-29992,-29993,-29995,-29996]} 1. e4 c6 2.
d4 d5 3. e5 Bf5 4. Nd2 e6 5. Nb3 Ne7 {[%cal Oc6c5]} 6. Nf3 {B12: Caro-Kann:
Advance Variation.} Nd7 7. Be2 Nc8 8. O-O {The position is equal.} Be7 9. c3
O-O 10. Ne1 f6 11. f4 {[#]} c5 $146 ({Predecessor:} 11... Ncb6 12. Nd3 Be4 13.
Nf2 Bg6 14. Bg4 f5 15. Be2 c5 16. dxc5 Nxc5 17. Nd4 Qc8 {1-0 (45) Yip,C (2423)
-Prohaszka,P (2581) Charlotte 2021}) 12. Nd2 cxd4 13. cxd4 fxe5 14. fxe5 Qb6
15. Ndf3 Bb4 (15... a6 $11) 16. Nd3 $14 a5 17. Kh1 Na7 18. Bg5 Nc6 19. Nf4 Be7
(19... h6 $5 {[%cal Rh6g5]} 20. Bd3 hxg5 21. Bxf5 Rxf5 22. Nxe6 Nf8 $17) 20.
Bxe7 Nxe7 21. Qe1 (21. Rc1 $11 {feels stronger.}) 21... Ng6 (21... Qxb2 $15 {
is more appropriate.} 22. Qc1 Qb6) 22. Nh4 $2 (22. Nxg6 $11 {and White stays
safe.} Bxg6 23. Qd2) 22... Nxf4 (22... Qxd4 23. Nxf5 Rxf5 24. Nxe6 Rxf1+ 25.
Bxf1 $17) (22... Nxh4 $1 $19 23. Qxh4 Qxd4) 23. Rxf4 $15 Be4 ({Much weaker is} 
23... Qxb2 24. Nxf5 Rxf5 25. Rxf5 exf5 26. Rd1 $11) 24. Rxf8+ Rxf8 25. Bg4 (25.
Qd2 $11) 25... Rf7 ({Black should try} 25... h5 $1 $17 {[%cal Rh5g4]} 26. Bh3
Rf4) 26. Qd2 $11 Nf8 27. Bf3 (27. Rc1 $11 {keeps the balance.}) 27... Bxf3 ({
Black should play} 27... h6 $17 {White must now prevent ...g5.} 28. Bh5 g6) 28.
Nxf3 h6 29. Rc1 Rc7 {[%cal Bf7c7,Bc7c4,Bc4d4][%mdl 32]} 30. h3 Ng6 31. a3 Ne7
32. Rf1 Nf5 {And now ...Ng3+ would win.} 33. Kh2 {To avoid Ng3} Rc4 {[%cal
Rf5d4]} 34. Rd1 (34. Rc1 $142) 34... a4 $17 35. g4 {[#]} (35. Rf1 $17 {might
work better.}) 35... Ne7 $2 ({Better is} 35... Qb3 $1 $19 36. Qd3 (36. gxf5 $2
Rc2 $19) (36. Qe2 Rc2) 36... Rc2+ 37. Kg1 Ng3 38. Qxb3 axb3) 36. Nh4 $2 {
This move loses the game for White.} (36. Qf2 $15) 36... Nc6 $19 {[%cal Rc6d4,
Be7c6,Bc6e5,Be5c4][%mdl 32]} 37. Rf1 $2 (37. Qf2 Nxd4 38. Rd2) 37... Rxd4 ({
Stronger than} 37... Qxd4 38. Qxd4 Rxd4 39. Ng6 $17) 38. Qf2 {White wants to
mate with Qf7+.} Nxe5 {[%cal Ob6d6] Strongly threatening ...Qd6! Active
counter play!} 39. Qf8+ Kh7 40. Qf2 Nc4 41. Nf3 {Prevents Rd2.} Re4 42. Qxb6
Nxb6 {[%mdl 4096] Endgame KRN-KRN} 43. Kg3 Nc4 44. Rf2 Re3 45. Kg2 e5 {To
avoid Nd4} 46. Rc2 e4 47. Nd4 Rd3 48. Nf5 e3 (48... g6 $142 49. Rxc4 dxc4) 49.
Kf1 Rd2 50. Nxe3 Nxe3+ 51. Ke1 Rxc2 {Weighted Error Value: White=0.65/Black=0.
33} 0-1

[Event "FIDE Women World Blitz 2021"]
[Site "Warsaw"]
[Date "2021.12.29"]
[Round "5.10"]
[White "Zatonskih, Anna"]
[Black "Nomin-Erdene, Davaademberel"]
[Result "0-1"]
[WhiteElo "2394"]
[BlackElo "2188"]
[Annotator "NA"]
[PlyCount "28"]
[EventDate "2021.12.29"]
[EventType "swiss"]
[EventCountry "POL"]
[Tiebreak "Cut1 Buchholz"]
[SourceTitle "playchess.com"]
[Source "ChessBase"]
[SourceQuality "1"]
[TimeControl "180+2"]

1. d4 {[%emt 0:00:01]} f5 {[%emt 0:00:00]} 2. g3 {[%emt 0:00:02]} Nf6 {[%emt 0:
00:02]} 3. Bg2 {[%emt 0:00:01]} g6 {[%emt 0:00:01]} 4. Nd2 {[%emt 0:00:01]} Bg7
{[%emt 0:00:02]} 5. e4 {[%emt 0:00:01]} d6 {[%emt 0:00:37]} 6. c3 {[%emt 0:00:
21]} Nc6 {[%emt 0:00:10]} 7. Qe2 {[%emt 0:00:36]} fxe4 {[%emt 0:00:36]} 8. Nxe4
{[%emt 0:00:01]} O-O {[%emt 0:00:07]} 9. Ng5 {[%emt 0:00:33]} e5 {[%emt 0:00:
01]} 10. dxe5 {[%emt 0:01:12]} Nxe5 {[%emt 0:00:02]} 11. N1f3 {[%emt 0:00:06]}
Re8 {[%emt 0:00:23]} 12. O-O {[%emt 0:00:22]} h6 {[%emt 0:00:10]} 13. Ne4 {
[%emt 0:00:08]} Bg4 {[%emt 0:00:18]} 14. Nxf6+ {[%emt 0:00:00]} Qxf6 {[%emt 0:
00:01]} 0-1

[Event "FIDE Women World Blitz 2021"]
[Site "Warsaw"]
[Date "2021.12.29"]
[Round "5.10"]
[White "Parol, Pola"]
[Black "Beydullayeva, Govhar"]
[Result "1-0"]
[WhiteElo "1823"]
[BlackElo "2278"]
[Annotator "TA"]
[PlyCount "101"]
[EventDate "2021.12.29"]
[EventType "swiss"]
[EventCountry "POL"]
[Tiebreak "Cut1 Buchholz"]
[SourceTitle "playchess.com"]
[Source "ChessBase"]
[SourceQuality "1"]

{[%evp 11,100,6,17,20,45,50,101,107,114,108,92,91,101,31,73,60,58,65,61,46,91,
46,87,55,38,62,103,10,25,0,81,10,126,-4,0,-50,0,-16,83,93,350,105,118,-141,166,
-258,-265,-270,-265,-247,-255,-227,-102,-253,-177,-190,0,0,-236,-18,-45,-708,
-63,-689,0,-652,0,0,0,0,0,0,0,0,0,0,0,0,632,0,871,764,29997,29998,29998,0,0,0,
29998,29999,29999]} 1. e4 c5 2. Nf3 d6 3. d4 cxd4 4. Nxd4 Nf6 5. Nc3 a6 6. Nb3
Nc6 7. Be3 $1 {7.Be3 is better than 7.Be2. B56: Classical Sicilian: Unusual
Lines.} b5 8. a4 {[%cal Ba2a4,Ba4a5][%mdl 32]} b4 (8... bxa4 $1 $14 9. Rxa4 Bb7
) 9. Nd5 $16 {White is better.} Nd7 {[#] Inhibits Bb6.} (9... Nxe4 $2 10. Bb6
Qd7 11. Nc7+ Qxc7 12. Bxc7 $18) 10. a5 $146 {Threatens to win with Bb6. White
is much more active. Black has bad knights.} ({Predecessor:} 10. Qd2 Rb8 11.
Nd4 Nxd4 12. Qxd4 Nc5 13. f3 b3 14. c3 e6 15. Nb4 Bb7 16. a5 {½-½ (61)
Cabrilo,G (2480)-Kozul,Z (2575) Kladovo 1990}) 10... e6 11. Nb6 Nxb6 12. Bxb6 (
12. axb6 $16 {Strongly threatening Nd4.} Bb7 13. Na5 Nxa5 14. Rxa5) 12... Qd7 (
12... Qf6 $14) 13. Be2 Bb7 14. O-O Be7 15. f4 Bd8 (15... O-O $14) 16. Be3 (16.
e5 $16) 16... Bf6 (16... Qe7 $14) 17. Rb1 {[%cal Oe4e5]} Qe7 18. Bf3 O-O (18...
Rc8 $14) 19. Qe2 (19. e5 $1 $16 {[%cal Re5f6]} dxe5 20. Bc5) 19... Rac8 20.
Rfd1 g6 (20... Rfe8 $11 {keeps the balance.}) 21. Bb6 ({White should try} 21.
Qd2 $16) 21... Bg7 (21... e5 $11) 22. Kh1 (22. e5 $1 $16 {[%cal Re5d6]} dxe5
23. Bc5) 22... Rfe8 $11 23. Rd3 (23. Qd2 $11) 23... Nb8 (23... e5 $5 {[%cal
Re5f4]}) 24. Rbd1 $1 Bxb2 (24... Qf6 $11) 25. Rxd6 $16 Rc6 $2 {[%mdl 8192]} (
25... Bd5 $16) 26. R6d3 $2 (26. e5 $18) 26... Rcc8 27. Nc5 $2 {[%mdl 8192]} Bg7
$2 {[%mdl 8192] [#]} (27... Rxc5 $17 {and life is bright.} 28. Bxc5 Qxc5) 28.
e5 $4 {[%mdl 8192]} (28. Rd7 $1 $18 {[%mdl 512] and life is good for White.}
Nxd7 29. Rxd7) 28... Bxf3 $19 29. Qxf3 Rxc5 30. Bxc5 Qxc5 31. Rd8 Qb5 (31...
Rf8 $1 $19 {Hoping for ...Nc6.} 32. R8d6 Qxa5) 32. h3 $2 (32. Qe3 $17 {was
worth a try.} Bf8 33. Qb6 Rxd8 34. Rxd8 Qf1+ 35. Qg1) 32... Bf8 33. Qa8 Rxd8 $2
({Better is} 33... Kg7 $19 {And now ...Rxd8 would win.} 34. Rxe8 Qxe8) 34. Rxd8
$11 Qf1+ 35. Kh2 Qxf4+ 36. Kg1 $2 {[%mdl 8192] [#]} (36. g3 $15 Qf2+ 37. Kh1)
36... Qe3+ $2 ({Black should play} 36... Kg7 $1 $19 {( -> ...Bc5+)} 37. Rxf8 (
37. Qf3 Qxe5) 37... Qd4+ 38. Kf1 Qd1+ 39. Kf2 Qxc2+ 40. Ke1 Qb1+ 41. Kd2 Qb2+
42. Kd1 Qd4+ 43. Kc1 Qc5+ 44. Kb1 Qxf8) 37. Kh1 $2 {[%mdl 8192]} (37. Kh2 $15)
37... Qe1+ 38. Kh2 {[#]} Qxe5+ (38... Kg7 $1 $19 {[%cal Of8c5] White must now
prevent ...Bc5!} 39. Qf3 {[#]} Be7 $1) 39. Kh1 $1 Qe1+ 40. Kh2 Qe5+ 41. Kh1 $1
Qa1+ 42. Kh2 Qe5+ 43. Kh1 $1 Kg7 44. Qxb8 {[%mdl 4096] Endgame KQR-KQB. Chess
con chili.} Qe1+ 45. Kh2 Bc5 $2 {[%mdl 8192]} (45... Be7 $11 46. Rg8+ Kh6 47.
Qf4+ Bg5 48. Qxf7 Qe5+ 49. Kh1 Bf4) 46. Rg8+ $18 Kh6 47. Qf4+ Kh5 48. Qg4+ Kh6
{aiming for ...Bg1+.} 49. Qf4+ Kh5 50. g4+ Kh4 51. Qh6# {Weighted Error Value:
White=1.01/Black=1.20} 1-0

[Event "FIDE Women World Blitz 2021"]
[Site "Warsaw"]
[Date "2021.12.29"]
[Round "5.11"]
[White "Kubicka, Anna"]
[Black "Smirnova, Ekaterina"]
[Result "0-1"]
[WhiteElo "2273"]
[BlackElo "2196"]
[Annotator "TA"]
[PlyCount "121"]
[EventDate "2021.12.29"]
[EventType "swiss"]
[EventCountry "POL"]
[Tiebreak "Cut1 Buchholz"]
[SourceTitle "playchess.com"]
[Source "ChessBase"]
[SourceQuality "1"]

{[%evp 11,121,0,6,0,0,2,4,7,17,-77,-75,-89,-75,-79,-76,-75,-81,-110,-76,-73,
-83,-93,-24,-26,-29,-106,-97,-139,-22,-90,-90,-139,-116,-360,-237,-375,-112,
-150,-137,-133,-104,-175,-161,-210,-172,-192,-177,-321,-307,-322,-307,-328,
-173,-168,-162,-163,-137,-142,0,-116,-112,-106,-20,-124,-125,-132,-129,-127,
-115,-181,-132,-335,-331,-1014,-966,-1366,-683,-729,-909,-5485,-1290,-1673,
-918,-891,-899,-812,-798,-785,-779,-4476,-4443,-2370,-1968,-1205,-1456,-12825,
-11555,-1669,-1353,-12840,-12839,-12842,-12843,-12850,-12843,-12843,-12843,
-12844,-12844,-12845,-12844,-12840]} 1. e4 e6 2. d4 d5 3. Nd2 c5 4. Ngf3 Nf6 5.
exd5 Nxd5 6. Bb5+ Bd7 7. Bxd7+ {C07: French Tarrasch: 3...c5, 4 Ngf3 and 4
exd5 Qxd5.} Nxd7 8. O-O Be7 9. c4 {The position is equal.} N5f6 {[#]} 10. d5
$146 (10. Qe2 $11) ({Predecessor:} 10. b3 O-O 11. Bb2 Qc7 12. Qe2 Rfe8 13. Rfd1
Rad8 14. Nf1 cxd4 15. Bxd4 Bc5 16. Bxc5 Nxc5 17. Ng3 g6 18. Qb2 {½-½ (18)
Munoz Pantoja,M (2503)-Narciso Dublan,M (2466) Vila Seca 2018}) 10... exd5 $17
11. cxd5 {[%cal Od5d6]} Nxd5 12. Ne4 N7b6 13. a4 {a5 is the strong threat.} a5
14. Qb3 c4 (14... O-O {looks sharper.} 15. Bd2 Qd7 16. Rfe1 c4 17. Qc2 Nb4) 15.
Qb5+ Qd7 $1 16. Qxd7+ Nxd7 (16... Kxd7 $17 17. Bd2 Rhd8) 17. Rd1 $11 N7b6 18.
Bd2 (18. Nc3 $1 $11 {keeps the balance.} O-O-O 19. Nxd5 Nxd5 20. Bd2) 18... O-O
$1 $17 19. Bc3 (19. g3 $142) 19... Bb4 ({Black should try} 19... Nxc3 $17 20.
bxc3 f5) 20. Bd4 (20. Bxb4 $11 axb4 21. a5) 20... Rfd8 21. Ne5 (21. Nh4 $142)
21... Rac8 {[%cal Ob6a4]} 22. Nc3 $2 (22. Kf1 $17) 22... f6 23. Nf3 (23. Nxd5 {
was forced.} Nxd5 24. Nf3) 23... Kf7 $2 (23... Bxc3 $19 {has better winning
chances.} 24. bxc3 Nxa4 $1 {[%mdl 512]}) 24. Nd2 Nxc3 {Black is more active.}
25. bxc3 Bc5 26. Bxc5 (26. Nf3 $17 {might work better.}) 26... Rxc5 $19 27. Ne4
(27. Rdb1 $142) 27... Rxd1+ 28. Rxd1 {[%mdl 4096] Endgame KRN-KRN} Rc7 ({
Stronger than} 28... Nxa4 29. Nxc5 Nxc5 30. Rd4 $11) 29. Nd6+ (29. Kf1 {
was necessary.}) 29... Ke6 30. Nb5 Rd7 {[%cal Rd7d1]} 31. Nd4+ Kf7 (31... Ke5
$142 32. Kf1 Nxa4 33. Nc6+ Ke6 34. Nd8+ Ke7 35. Rxd7+ Kxd7 36. Nxb7 Kc7 37.
Nxa5 Nb2) 32. Ra1 Rd5 33. Kf1 h5 34. Rb1 Rd6 (34... Nxa4 $17 35. Rxb7+ Ke8) 35.
Rb5 (35. Nf5 $1 $11 {remains equal.} Re6 36. Nd4) 35... Nxa4 $17 36. Rxb7+ {[#]
} Kg6 (36... Ke8 $1 $17 37. Rc7 Nxc3 38. Rxc4 {[#]} h4 $1) 37. Rc7 {White is
on the road to losing.} (37. Rxg7+ $1 $11 Kxg7 38. Nf5+ Kf8 39. Nxd6) 37...
Nxc3 38. Rxc4 Nd5 39. Nf3 Ra6 40. Nh4+ (40. Rd4 $17 Nb4 41. Nh4+ Kf7 42. Nf5)
40... Kh7 ({Better is} 40... Kf7 $19 {And now ...a4 would win.} 41. Ra4 Nb6)
41. Nf5 $2 (41. Ra4 $17) 41... a4 $19 {aiming for ...a3.} 42. g4 $2 (42. Rc1)
42... hxg4 {Black is clearly winning.} 43. Rxg4 Ra7 {Threatens to win with ...
a3.} 44. Nd4 a3 {White must now prevent ...a2.} 45. Nb3 a2 46. Kg2 a1=Q 47.
Nxa1 Rxa1 {KRN-KR} 48. Rd4 Ra5 49. Kf3 Kg6 50. Ke4 Ne7 51. Rd7 Kf7 52. Kf3 Ra3+
53. Kg2 Ke6 54. Rb7 g5 {Strongly threatening ...Nd5.} 55. h3 Nd5 56. Rh7 Nf4+
57. Kh2 Rf3 58. Kg1 Rxh3 59. Ra7 Rb3 60. Ra6+ Kf5 61. Rc6 {Weighted Error
Value: White=1.15/Black=0.42} 0-1

[Event "FIDE Women World Blitz 2021"]
[Site "Warsaw"]
[Date "2021.12.29"]
[Round "5.11"]
[White "Hryzlova, Sofiia"]
[Black "Zhukova, Natalia"]
[Result "0-1"]
[WhiteElo "2097"]
[BlackElo "2331"]
[Annotator "NA"]
[PlyCount "93"]
[EventDate "2021.12.29"]
[EventType "swiss"]
[EventCountry "POL"]
[Tiebreak "Cut1 Buchholz"]
[SourceTitle "playchess.com"]
[Source "ChessBase"]
[SourceQuality "1"]
[TimeControl "180+2"]

1. d4 {[%emt 0:00:01]} d5 {[%emt 0:00:01]} 2. Nf3 {[%emt 0:00:02]} Nf6 {
[%emt 0:00:03]} 3. g3 {[%emt 0:00:01]} c5 {[%emt 0:00:13]} 4. Bg2 {[%emt 0:00:
09]} Nc6 {[%emt 0:00:12]} 5. O-O {[%emt 0:00:06]} e6 {[%emt 0:00:04]} 6. b3 {
[%emt 0:00:21]} Be7 {[%emt 0:00:05]} 7. Bb2 {[%emt 0:00:01]} O-O {[%emt 0:00:
02]} 8. e3 {[%emt 0:00:22]} b6 {[%emt 0:00:04]} 9. Nbd2 {[%emt 0:00:02]} a5 {
[%emt 0:00:04]} 10. a4 {[%emt 0:00:04]} Ba6 {[%emt 0:00:03]} 11. Re1 {[%emt 0:
00:03]} Rc8 {[%emt 0:00:03]} 12. Ne5 {[%emt 0:00:16]} Bd6 {[%emt 0:00:47]} 13.
Nxc6 {[%emt 0:00:30]} Rxc6 {[%emt 0:00:01]} 14. Nc4 {[%emt 0:00:01]} Be7 {
[%emt 0:00:34]} 15. Ne5 {[%emt 0:00:12]} Rc8 16. c4 {[%emt 0:00:11]} cxd4 {
[%emt 0:00:11]} 17. exd4 {[%emt 0:00:02]} Bb4 {[%emt 0:00:05]} 18. Re3 {
[%emt 0:00:05]} dxc4 {[%emt 0:00:13]} 19. bxc4 {[%emt 0:00:15]} Bxc4 {[%emt 0:
00:01]} 20. Nc6 {[%emt 0:00:12]} Qd6 {[%emt 0:00:03]} 21. Nxb4 {[%emt 0:00:02]}
axb4 {[%emt 0:00:01]} 22. Qd2 {[%emt 0:00:13]} Nd5 {[%emt 0:00:06]} 23. Re5 {
[%emt 0:00:12]} Rc7 {[%emt 0:00:08]} 24. f4 {[%emt 0:00:03]} Ne7 {[%emt 0:00:
15]} 25. Rc1 {[%emt 0:00:06]} Rfc8 {[%emt 0:00:02]} 26. h4 {[%emt 0:00:13]} Bd5
{[%emt 0:00:00]} 27. Rxc7 {[%emt 0:00:02]} Qxc7 {[%emt 0:00:02]} 28. Kh2 {
[%emt 0:00:05]} Bxg2 {[%emt 0:00:02]} 29. Qxg2 {[%emt 0:00:01]} Nd5 {[%emt 0:
00:01]} 30. Re2 {[%emt 0:00:02]} Qc4 {[%emt 0:00:04]} 31. f5 {[%emt 0:00:02]}
Nc3 {[%emt 0:00:08]} 32. Rc2 {[%emt 0:00:03]} exf5 {[%emt 0:00:03]} 33. Qb7 {
[%emt 0:00:03]} h6 {[%emt 0:00:02]} 34. Qxb6 {[%emt 0:00:01]} Qd3 {[%emt 0:00:
04]} 35. Rg2 {[%emt 0:00:02]} Qc4 {[%emt 0:00:02]} 36. a5 {[%emt 0:00:01]} Na4
{[%emt 0:00:04]} 37. Qb7 {[%emt 0:00:01]} Re8 {[%emt 0:00:05]} 38. a6 {[%emt 0:
00:01]} Nxb2 {[%emt 0:00:02]} 39. a7 {[%emt 0:00:02]} Qa2 {[%emt 0:00:02]} 40.
a8=Q {[%emt 0:00:03]} Rxa8 {[%emt 0:00:02]} 41. Kh3 {[%emt 0:00:06]} Rf8 {
[%emt 0:00:03]} 42. d5 {[%emt 0:00:02]} Qa3 {[%emt 0:00:02]} 43. d6 {[%emt 0:
00:01]} Nd3 {[%emt 0:00:06]} 44. Kh2 {[%emt 0:00:03]} Nc5 {[%emt 0:00:06]} 45.
Qc6 {[%emt 0:00:02]} b3 {[%emt 0:00:02]} 46. d7 {[%emt 0:00:02]} b2 {[%emt 0:
00:03]} 47. Qc7 {[%emt 0:00:03]} 0-1

[Event "FIDE Women World Blitz 2021"]
[Site "Warsaw"]
[Date "2021.12.29"]
[Round "5.12"]
[White "Pourkashiyan, Atousa"]
[Black "Vantika Agrawal"]
[Result "0-1"]
[WhiteElo "2322"]
[BlackElo "2329"]
[Annotator "NA"]
[PlyCount "53"]
[EventDate "2021.12.29"]
[EventType "swiss"]
[EventCountry "POL"]
[Tiebreak "Cut1 Buchholz"]
[SourceTitle "playchess.com"]
[Source "ChessBase"]
[SourceQuality "1"]
[TimeControl "180+2"]

1. e4 {[%emt 0:00:01]} c5 {[%emt 0:00:01]} 2. Nf3 {[%emt 0:00:02]} d6 {[%emt 0:
00:01]} 3. d4 {[%emt 0:00:01]} cxd4 {[%emt 0:00:01]} 4. Nxd4 {[%emt 0:00:02]}
Nf6 {[%emt 0:00:02]} 5. Nc3 {[%emt 0:00:01]} a6 {[%emt 0:00:01]} 6. f4 {
[%emt 0:00:07]} e5 {[%emt 0:00:10]} 7. Nb3 {[%emt 0:00:06]} Qc7 {[%emt 0:00:06]
} 8. Bd3 {[%emt 0:00:08]} Be7 {[%emt 0:00:02]} 9. O-O {[%emt 0:00:03]} O-O {
[%emt 0:00:06]} 10. Kh1 {[%emt 0:00:04]} Nbd7 {[%emt 0:00:04]} 11. a4 {[%emt 0:
00:28]} exf4 {[%emt 0:00:26]} 12. Bxf4 {[%emt 0:00:02]} Ne5 {[%emt 0:00:02]}
13. Nd4 {[%emt 0:00:38]} Be6 {[%emt 0:00:03]} 14. Bg5 {[%emt 0:00:12]} Rfe8 {
[%emt 0:00:06]} 15. Qe1 {[%emt 0:00:14]} h6 {[%emt 0:00:29]} 16. Bxf6 {[%emt 0:
00:11]} Bxf6 {[%emt 0:00:02]} 17. Rxf6 {[%emt 0:00:02]} gxf6 {[%emt 0:00:02]}
18. Qh4 {[%emt 0:00:02]} Qc5 {[%emt 0:01:01]} 19. Nxe6 {[%emt 0:00:44]} fxe6 {
[%emt 0:00:10]} 20. Qxf6 {[%emt 0:00:03]} Kh7 {[%emt 0:00:25]} 21. Rf1 {
[%emt 0:00:26]} Qc7 {[%emt 0:00:02]} 22. Qh4 {[%emt 0:00:06]} Rf8 {[%emt 0:00:
02]} 23. Re1 {[%emt 0:00:03]} Qg7 {[%emt 0:00:01]} 24. Ne2 {[%emt 0:00:02]} Qg5
{[%emt 0:00:07]} 25. Qh3 {[%emt 0:00:01]} Rf6 {[%emt 0:00:04]} 26. Ng3 {
[%emt 0:00:02]} Raf8 {[%emt 0:00:02]} 27. Nh5 {[%emt 0:00:01]} 0-1

[Event "FIDE Women World Blitz 2021"]
[Site "Warsaw"]
[Date "2021.12.29"]
[Round "5.12"]
[White "Heredia Serrano, Carla"]
[Black "Rudzinska, Michalina"]
[Result "1/2-1/2"]
[WhiteElo "2138"]
[BlackElo "1832"]
[Annotator "RC"]
[PlyCount "61"]
[EventDate "2021.12.29"]
[EventType "swiss"]
[EventCountry "POL"]
[Tiebreak "Cut1 Buchholz"]
[SourceTitle "playchess.com"]
[Source "ChessBase"]
[SourceQuality "1"]
[TimeControl "180+2"]

1. e4 {[%emt 0:00:02]} c5 {[%emt 0:00:01]} 2. Nf3 {[%emt 0:00:02]} e6 {[%emt 0:
00:01]} 3. g3 {[%emt 0:00:03]} Nc6 {[%emt 0:00:09]} 4. Bg2 {[%emt 0:00:01]} Nf6
{[%emt 0:00:04]} 5. Qe2 {[%emt 0:00:07]} d6 {[%emt 0:00:03]} 6. O-O {[%emt 0:
00:02]} Be7 {[%emt 0:00:01]} 7. c3 {[%emt 0:00:02]} O-O {[%emt 0:00:06]} 8. Rd1
{[%emt 0:00:03]} b6 {[%emt 0:00:06]} 9. d4 {[%emt 0:00:04]} cxd4 {[%emt 0:00:
12]} 10. cxd4 {[%emt 0:00:10]} Bb7 {[%emt 0:00:09]} 11. Nc3 {[%emt 0:00:07]}
Rc8 {[%emt 0:00:00]} 12. Bg5 {[%emt 0:00:27]} h6 {[%emt 0:00:00]} 13. Bxf6 {
[%emt 0:00:06]} Bxf6 {[%emt 0:00:02]} 14. e5 {[%emt 0:00:02]} Be7 {[%emt 0:00:
01]} 15. d5 {[%emt 0:00:47]} exd5 {[%emt 0:01:01]} 16. Nxd5 {[%emt 0:00:13]}
Re8 {[%emt 0:00:01]} 17. Qb5 {[%emt 0:00:25]} Bf8 {[%emt 0:00:20]} 18. exd6 {
[%emt 0:00:04]} Bxd6 {[%emt 0:00:22]} 19. Rac1 {[%emt 0:00:03]} Ne7 {[%emt 0:
00:17]} 20. Nxe7+ {[%emt 0:00:11]} Qxe7 {[%emt 0:00:09]} 21. Rxc8 {[%emt 0:00:
12]} Rxc8 {[%emt 0:00:01]} 22. Qd3 {[%emt 0:00:05]} Bc5 {[%emt 0:00:02]} 23. a3
{[%emt 0:00:03]} Bc6 {[%emt 0:00:07]} 24. b4 {[%emt 0:00:02]} Be4 {[%emt 0:00:
12]} 25. Qd2 {[%emt 0:00:07]} Qb7 {[%emt 0:00:05]} 26. bxc5 {[%emt 0:00:05]}
Bxf3 {[%emt 0:00:01]} 27. Bxf3 {[%emt 0:00:03]} Qxf3 {[%emt 0:00:01]} 28. cxb6
{[%emt 0:00:04]} axb6 {[%emt 0:00:01]} 29. Qd3 {[%emt 0:00:09]} Qc6 {[%emt 0:
00:12]} 30. Qd7 {[%emt 0:00:05]} Qc5 {[%emt 0:00:03]} 31. a4 {[%emt 0:00:03]}
1/2-1/2

[Event "FIDE Women World Blitz 2021"]
[Site "Warsaw"]
[Date "2021.12.29"]
[Round "5.13"]
[White "Bulmaga, Irina"]
[Black "Salimova, Nurgyul"]
[Result "1-0"]
[WhiteElo "2405"]
[BlackElo "2353"]
[Annotator "NA"]
[PlyCount "77"]
[EventDate "2021.12.29"]
[EventType "swiss"]
[EventCountry "POL"]
[Tiebreak "Cut1 Buchholz"]
[SourceTitle "playchess.com"]
[Source "ChessBase"]
[SourceQuality "1"]
[TimeControl "180+2"]

1. e4 {[%emt 0:00:01]} c6 {[%emt 0:00:02]} 2. d4 {[%emt 0:00:02]} d5 {[%emt 0:
00:01]} 3. e5 {[%emt 0:00:01]} Bf5 {[%emt 0:00:02]} 4. Nf3 {[%emt 0:00:01]} e6
{[%emt 0:00:03]} 5. Be2 {[%emt 0:00:02]} Ne7 {[%emt 0:00:04]} 6. O-O {[%emt 0:
00:02]} Ng6 {[%emt 0:00:02]} 7. Be3 {[%emt 0:00:07]} Nd7 {[%emt 0:00:13]} 8.
Re1 {[%emt 0:00:13]} f6 {[%emt 0:00:25]} 9. Bd3 {[%emt 0:00:46]} Bxd3 {[%emt 0:
00:07]} 10. Qxd3 {[%emt 0:00:02]} fxe5 {[%emt 0:00:26]} 11. Nxe5 {[%emt 0:00:
02]} Ndxe5 {[%emt 0:00:07]} 12. dxe5 {[%emt 0:00:01]} Be7 {[%emt 0:00:20]} 13.
f4 {[%emt 0:00:10]} O-O {[%emt 0:00:06]} 14. g3 {[%emt 0:00:01]} Bb4 {[%emt 0:
00:34]} 15. c3 {[%emt 0:00:04]} Ba5 {[%emt 0:00:01]} 16. Nd2 {[%emt 0:00:10]}
Ne7 {[%emt 0:00:07]} 17. Nf3 {[%emt 0:00:03]} h6 {[%emt 0:00:30]} 18. Kg2 {
[%emt 0:00:15]} Bb6 {[%emt 0:00:03]} 19. Bxb6 {[%emt 0:00:07]} axb6 {[%emt 0:
00:02]} 20. a4 {[%emt 0:00:05]} c5 {[%emt 0:00:06]} 21. b3 {[%emt 0:00:15]} Qc7
{[%emt 0:00:14]} 22. Ra2 {[%emt 0:00:36]} Ra5 {[%emt 0:00:02]} 23. Rd2 {
[%emt 0:00:04]} b5 {[%emt 0:00:02]} 24. axb5 {[%emt 0:00:03]} Rfa8 {[%emt 0:00:
01]} 25. g4 {[%emt 0:00:09]} Rf8 {[%emt 0:00:03]} 26. Kg3 {[%emt 0:00:03]} Ra3
{[%emt 0:00:01]} 27. c4 {[%emt 0:00:15]} dxc4 {[%emt 0:00:05]} 28. Qxc4 {
[%emt 0:00:01]} Nd5 {[%emt 0:00:01]} 29. Rxd5 {[%emt 0:00:03]} exd5 30. Qxd5+ {
[%emt 0:00:01]} Kh8 {[%emt 0:00:02]} 31. Re4 {[%emt 0:00:09]} Ra2 {[%emt 0:00:
05]} 32. e6 {[%emt 0:00:04]} c4 {[%emt 0:00:03]} 33. bxc4 {[%emt 0:00:03]} Qa5
{[%emt 0:00:03]} 34. e7 {[%emt 0:00:02]} Re8 {[%emt 0:00:01]} 35. Qf7 {[%emt 0:
00:03]} Qa8 {[%emt 0:00:02]} 36. g5 {[%emt 0:00:05]} hxg5 {[%emt 0:00:02]} 37.
Nxg5 {[%emt 0:00:01]} Qa3+ {[%emt 0:00:03]} 38. Nf3 {[%emt 0:00:01]} Qa8 {
[%emt 0:00:02]} 39. Re5 {[%emt 0:00:01]} 1-0